000 00246nam a22001097a 4500
082 _a823
_bDEM/B
100 _aDEMAREST, CHRIS
245 _aBENEDICT GOES TO THE BEACH
260 _aUSA
_bLADY BIRD
650 _aENGLISH SHORT STORY
_zUSA
942 _cBK
999 _c3349
_d3349